| 000 -Cabeçalho |
| Cabeçalho |
00375nam 22001333 4500 |
| 001 - Identificador do registo |
| Identificador do registo |
32582 |
| 090 ## - Número de controle KOHA |
| Número biblioitem KOHA |
32582 |
| 100 ## - Dados gerais de processamento |
| Dados gerais de processamento |
20260316d u||y0pory50 ba |
| 101 ## - Língua da publicação |
| Língua do texto, banda sonora, etc. |
Inglês |
| 200 ## - Título e menção de responsabilidade |
| Título próprio |
Forest Fire Research |
| Informação de outro título |
Documento Base, Coimbra 19/22 November 1990 |
| Primeira menção de responsabilidade |
Fátima Guedes |
| Outras menções de responsabilidade |
Victor Hugo |
| 210 ## - Publicação, distribuição, etc. |
| Lugar da edição, distribuição, etc. |
International Conference on Forest Fire Research |
| 317 ## - Nota de proveniência |
| Instituição e exemplar a que o campo se aplica |
INMG |
| 801 ## - Fonte de origem |
| Regras de catalogação |
ISBD |
| 942 ## - Informação adicional KOHA |
| Inibição de acesso no OPAC |
Não |